|
|
|
|
| LEADER |
02249cam a2200433 i 4500 |
| 001 |
nkc20203181842 |
| 003 |
CZ PrNK |
| 005 |
20220324160547.0 |
| 007 |
ta |
| 008 |
200319s2020 xr g 000 f cze d |
| 015 |
|
|
|a cnb003181842
|
| 020 |
|
|
|a 978-80-257-3127-7
|q (vázáno)
|
| 035 |
|
|
|a (OCoLC)1310113697
|
| 040 |
|
|
|a CBA001
|b cze
|d ABG001
|e rda
|
| 041 |
1 |
|
|a cze
|h eng
|
| 072 |
|
7 |
|a 821.111-3
|x Anglická próza, anglicky psaná
|2 Konspekt
|9 25
|
| 080 |
|
|
|a 821.111-31
|2 MRF
|
| 080 |
|
|
|a (0:82-31)
|2 MRF
|
| 100 |
1 |
|
|a Perry, Sarah,
|d 1979-
|7 xx0204301
|4 aut
|
| 240 |
1 |
0 |
|a Melmoth.
|l Česky
|
| 245 |
1 |
0 |
|a Melmoth /
|c Sarah Perryová ; přeložil Rani Tolimat
|
| 250 |
|
|
|a První vydání
|
| 264 |
|
1 |
|a Praha :
|b Argo,
|c 2020
|
| 300 |
|
|
|a 277 stran ;
|c 22 cm
|
| 336 |
|
|
|a text
|b txt
|2 rdacontent
|
| 337 |
|
|
|a bez média
|b n
|2 rdamedia
|
| 338 |
|
|
|a svazek
|b nc
|2 rdacarrier
|
| 500 |
|
|
|a Přeloženo z angličtiny
|
| 520 |
2 |
|
|a Fantaskní gotický román o vině, výčitkách svědomí, lásce a odpuštění se odehrává převážně na pražském Starém Městě, jehož atmosféru autorka popisuje s důvěrnou znalostí.
|b Již po staletí putuje tajemná postava v rozevlátém tmavém šatu po celém světě, vyhledává ty, kdo se provinili činem či pouhou zbabělostí, a láká je do své společnosti. Třetí román Sary Perryové se odehrává v Praze, městě přetékajícím historií i tajemnými stíny, jež jsou pro cizince jak nesrozumitelné, tak děsivé. Anglická překladatelka Helena tu žije už léta poté, co prchla z Anglie, aby unikla trýznivým výčitkám svědomí. Když se však v Klementinu objeví písemnosti odkazující k dávné legendě prostupující dějinami i konkrétními lidskými životy, její pracně vybudovaná křehká existence se začne rozpadat... Nakladatelská anotace.
|
| 546 |
|
|
|a Český text
|
| 655 |
|
7 |
|a anglické romány
|7 fd131814
|2 czenas
|
| 655 |
|
9 |
|a English fiction
|2 eczenas
|
| 700 |
1 |
|
|a Tolimat, Rani,
|d 1970-
|7 xx0075417
|4 trl
|
| 910 |
2 |
|
|a BOA001
|b 2-1450.066
|
| 920 |
|
|
|a 4529457
|z ABG001
|
| 990 |
|
|
|a BK
|
| 995 |
|
|
|a 01
|
| 991 |
|
|
|b 202007
|c NOV
|
| 996 |
6 |
|
|b 2610827951
|c 2-1450.066
|l MZK
|r Sklad / do 1 hodiny
|n 1
|p p.v.
|w 001810655
|u 000010
|a 1
|e BOA001
|j MZK50
|s P
|